Strategies for teaching a modular approach / (Record no. 72679)

MARC details
000 -LEADER
fixed length control field 00722nam a22002417i 4500
003 - CONTROL NUMBER IDENTIFIER
control field URS
005 - DATE AND TIME OF LATEST TRANSACTION
control field 20251001091319.0
008 - FIXED-LENGTH DATA ELEMENTS--GENERAL INFORMATION
fixed length control field 181207s2000 ph ||||| |||| 00| 0 eng d
020 ## - INTERNATIONAL STANDARD BOOK NUMBER
International Standard Book Number 971-23-2859-7
040 ## - CATALOGING SOURCE
Language of cataloging eng
Description conventions rda
Transcribing agency URS
050 14 - LIBRARY OF CONGRESS CALL NUMBER
Classification number LB15
Item number .B63 2000
100 1# - MAIN ENTRY--PERSONAL NAME
Personal name Boiser, Diosdada Castillon
Relator term author
245 10 - TITLE STATEMENT
Title Strategies for teaching a modular approach /
264 #1 - PRODUCTION, PUBLICATION, DISTRIBUTION, MANUFACTURE, AND COPYRIGHT NOTICE
Place of production, publication, distribution, manufacture Manila, Philippines :
Name of producer, publisher, distributor, manufacturer Rex Book Store,
Date of production, publication, distribution, manufacture, or copyright notice 2000.
300 ## - PHYSICAL DESCRIPTION
Extent xvi, 177 p.
Other physical details col. ill.; 22 cm.
336 ## - CONTENT TYPE
Content type term text
Content type code txt
Source rdacontent
337 ## - MEDIA TYPE
Media type term unmediated
Media type code n
Source rdamedia
338 ## - CARRIER TYPE
Carrier type term volume
Carrier type code nc
Source rdacarrier
650 #0 - SUBJECT ADDED ENTRY--TOPICAL TERM
Topical term or geographic name entry element Education
700 1# - ADDED ENTRY--PERSONAL NAME
Personal name Jamora, Leonarda G.
Relator term author
700 1# - ADDED ENTRY--PERSONAL NAME
Personal name Leuterio Christina S.
Relator term author
942 ## - ADDED ENTRY ELEMENTS (KOHA)
Koha item type Reserved Books
Source of classification or shelving scheme Library of Congress Classification
Holdings
Withdrawn status Source of classification or shelving scheme Damaged status Not for loan Home library Current library Shelving location Date acquired Total Checkouts Full call number Barcode Date last seen Copy number Price effective from Koha item type
  Library of Congress Classification     Tanay College Library Tanay College Library Undergraduate Theses 05/09/2024   LG 221.R59.B164 URSROD-UGT-MATH-C278 02/18/2015 c1 02/18/2015 Theses and dissertations
  Library of Congress Classification     Tanay College Library Tanay College Library Reserve Section 03/05/2024   LB15 .B63 2000 URSTAN-N216 03/05/2024   03/05/2024 Reserved Books

University of Rizal System
Email us at univlibservices@urs.edu.ph

Visit our Website www.urs.edu.ph/library